Hilesiz Terazi Şiir Yazıları (Record no. 1266)

000 -LEADER
fixed length control field 00518nam a22001817a 4500
008 - FIXED-LENGTH DATA ELEMENTS--GENERAL INFORMATION
fixed length control field 170407b xxu||||| |||| 00| | tur d
020 ## - INTERNATIONAL STANDARD BOOK NUMBER
International Standard Book Number 975081083X
041 ## - LANGUAGE CODE
Language code of text/sound track or separate title Türkçe
050 ## - LIBRARY OF CONGRESS CALL NUMBER
Classification number PL234.A8327
100 ## - MAIN ENTRY--PERSONAL NAME
9 (RLIN) 592
Personal name Baki Asiltürk
245 ## - TITLE STATEMENT
Title Hilesiz Terazi Şiir Yazıları
250 ## - EDITION STATEMENT
Edition statement 1. Baskı
260 ## - PUBLICATION, DISTRIBUTION, ETC.
Place of publication, distribution, etc. İstanbul
Name of publisher, distributor, etc. Yapı Kredi Yayınları
Date of publication, distribution, etc. Nisan 2006
300 ## - PHYSICAL DESCRIPTION
Extent 277 sayfa
500 ## - GENERAL NOTE
General note Yapı Kredi Yayınları: 2332; Şiir 206

3 adet mevcuttur.
650 #0 - SUBJECT ADDED ENTRY--TOPICAL TERM
9 (RLIN) 145
Topical term or geographic name entry element Türk Edebiyatı
942 ## - ADDED ENTRY ELEMENTS (KOHA)
Source of classification or shelving scheme
Koha item type Books
Holdings
Withdrawn status Lost status Source of classification or shelving scheme Damaged status Not for loan Permanent Location Current Location Shelving location Date acquired Full call number Barcode Date last seen Price effective from Koha item type
        Ödünç verilemez İmren Ahmet Tüzün Kütüphanesi İmren Ahmet Tüzün Kütüphanesi Ahmet Tüzün 2017-08-18 PL234.A8327 100100001244 2017-08-18 2017-08-18 Books

This software was implemented, installed and managed by Devinim Software Training Consulting .